| 000 | 00735nam a2200181Ia 4500 | ||
|---|---|---|---|
| 008 | 100921s9999 xx 000 0 und d | ||
| 082 |
_b40917 _a320.954-14 न 06 |
||
| 100 | _aराऊत भारतकुमार. | ||
| 245 | _aशिवसेना हार आणि प्रहार. | ||
| 260 |
_bअनघा प्रकाशन,ठाणे. _c2006 |
||
| 300 |
_a200 _bविजया वितरण,कराड |
||
| 365 | _b180 | ||
| 520 | _aस.शा.राजकीय लेख. | ||
| 630 | _aशिवसेना हार आणि प्रहार. | ||
| 650 | _aस.शा.राजकीय लेख. | ||
| 730 | _aशिवसेना हार आणि प्रहार. | ||
| 942 | _cBOOK | ||
| 999 |
_c790030 _d790027 |
||